[Event "Somov Memorial 14th"]
[Site "Kirishi"]
[Date "2016.05.22"]
[Round "5"]
[White "Shubin, Kirill"]
[Black "Efanov, Aleksey"]
[Result "1-0"]
[WhiteElo "2372"]
[BlackElo "1693"]
[PlyCount "93"]
[EventDate "2016.05.17"]
[EventType "tourn"]
[EventRounds "11"]
[EventCountry "RUS"]
[EventCategory "3"]
[SourceTitle "CBM 172 Extra"]
[Source "ChessBase"]
[SourceDate "2016.06.21"]
[SourceVersion "1"]
[SourceVersionDate "2016.06.21"]
[SourceQuality "1"]

1. e4 e5 2. Nf3 Nc6 3. Bb5 Nf6 4. d3 d6 5. c3 Be7 6. 0-0 a6 7. Ba4 0-0 8. Re1 b5 9. Bb3 h6 10. Nbd2 Re8 11. Nf1 Bf8 12. Ng3 Na5 13. Bc2 Bd7 14. d4 Bg4 15. h3 Bxf3 16. Qxf3 Nc6 17. Be3 Nh7 18. Rad1 Qf6 19. Qg4 Rad8 20. Nf5 Qg6 21. Qxg6 fxg6 22. Bb3+ Kh8 23. Nh4 Nf6 24. Bf7 exd4 25. Bxe8 Rxe8 26. Nxg6+ Kg8 27. Bxd4 Nxe4 28. f3 Nxd4 29. Rxe4 Rxe4 30. fxe4 Nc6 31. Rf1 Be7 32. Nxe7+ Nxe7 33. a4 Nc6 34. axb5 axb5 35. Ra1 Kf7 36. Ra6 Nd8 37. Ra7 Ne6 38. Rb7 Kf6 39. Rxb5 c5 40. Kf2 Ke5 41. Ke3 Nf4 42. g3 Nxh3 43. b4 Ng5 44. bxc5 dxc5 45. Rxc5+ Kd6 46. Rxg5 hxg5 47. c4 1-0

[Event "Somov Memorial 14th"]
[Site "Kirishi"]
[Date "2016.05.20"]
[Round "4"]
[White "Efanov, Aleksey"]
[Black "Hakobyan, Aram"]
[Result "0-1"]
[WhiteElo "1693"]
[BlackElo "2348"]
[PlyCount "68"]
[EventDate "2016.05.17"]
[EventType "tourn"]
[EventRounds "11"]
[EventCountry "RUS"]
[EventCategory "3"]
[SourceTitle "CBM 172 Extra"]
[Source "ChessBase"]
[SourceDate "2016.06.21"]
[SourceVersion "1"]
[SourceVersionDate "2016.06.21"]
[SourceQuality "1"]

1. e4 c5 2. Nf3 a6 3. d4 cxd4 4. Nxd4 Nf6 5. Nc3 e5 6. Nf3 Nc6 7. Bd3 h6 8. 0-0 d6 9. Bc4 b5 10. Bd5 Bb7 11. a3 Nxd5 12. Nxd5 Ne7 13. Nc3 g6 14. Be3 Rc8 15. Qe2 f5 16. Bc1 Bg7 17. Nd2 fxe4 18. Ndxe4 d5 19. Ng3 0-0 20. f3 Qc7 21. Rf2 Nf5 22. Nxf5 gxf5 23. Nd1 f4 24. c3 e4 25. Qc2 Rce8 26. b3 d4 27. Ra2 d3 28. Qb1 e3 29. Qxd3 exf2+ 30. Kxf2 Rd8 31. Qc2 Rfe8 32. Kf1 Qe7 33. Qe2 Qxe2+ 34. Rxe2 Rxd1+ 0-1